000 00787nam a22002657a 4500
001 9244
003 FISKH
005 20260225091547.0
008 251204b cb ||||| |||| 00| 0 eng d
020 _a9780531118382
040 _aFISKH
_beng
_cFISKH
_dFISKH
050 _aE286 .T87
082 _a394.2634
100 _aTrueit, Trudi Strain
245 _aIndependence day /
_cby Trudi Strain Trueit
260 _aNew York :
_bScholastic,
_c2007.
300 _a31 pages :
_bcolor illustrations ;
_c18 cm
505 _aR
520 _aIntroduces the history of Independence Day and explains how it is celebrated today.
521 8 _a690
_bLexile estimate
521 8 _aR
_bRaz-Plus
650 _aHolidays
_vNon-fiction
_xAmerican
942 _2ddc
_cBK
_n0
999 _c9244
_d9244